Fázové rovnováhy a povrchové napätie elektrolytov pre vylučovanie nióbu
Salvato in:
| Autore principale: | |
|---|---|
| Natura: | Libro |
| Lingua: | slovacco |
| Pubblicazione: |
Bratislava
STU FCHPT v Bratislave
2006
|
| Soggetti: | |
| Accesso online: | Visualizza in OPAC |
| Tags: |
Nessun Tag, puoi essere il primo ad aggiungerne!!
|
MARC
| LEADER | 00000nam a2200000 a 4500 | ||
|---|---|---|---|
| 005 | 20260127134016.0 | ||
| 008 | 070227 2006 xo 000 0 slo d | ||
| 035 | |a vtls008949669 | ||
| 039 | 9 | |y 200702271100 |z mschk03 | |
| 040 | |a STUSCHK1 |b slo |c STUSCHK1 |e AACR2 | ||
| 100 | 1 | |a Kubíková, Blanka | |
| 245 | 1 | |a Fázové rovnováhy a povrchové napätie elektrolytov pre vylučovanie nióbu |c Blanka Kubíková | |
| 260 | |a Bratislava |b STU FCHPT v Bratislave |c 2006 | ||
| 300 | |a 95 s. : il. | ||
| 500 | |a Slovenská akadémia vied, Ústav anorganickej chémie, Bratislava | ||
| 500 | |a Obháj.: 20.6. 2006 | ||
| 650 | 0 | |a vlastnosti taveninových sústav | |
| 650 | 0 | |a termická analýza | |
| 650 | 0 | |a kalorimetria diferenciálna skenovacia | |
| 650 | 0 | |a niób žiaruvzdorný kov | |
| 910 | |a SCHK95 | ||
| 999 | |c 2028 |d 2028 | ||